| 000 | 00942nam a22002537a 4500 | ||
|---|---|---|---|
| 005 | 20160615105615.0 | ||
| 010 | _a1516EN07 B-599114-120 ENG-115286 | ||
| 020 |
_a9788126555918 _c799.00 |
||
| 035 | _aB-599114-120 | ||
| 035 | _aEN-98818 | ||
| 037 |
_bAsian Book Center/Ven _adpl |
||
| 037 | _bDBAD/PUB | ||
| 082 | _a005.432 | ||
| 100 | _aBresnahan, Christine | ||
| 245 | 0 | 0 |
_aCompTIA Linux+ powered by Linux Professional institute study guide : _cby Christine Bresnahan [and] Richard Blum _bexams LX0-103 and exam LX0-104 / |
| 250 | _a3rd ed | ||
| 260 |
_aNew Delhi _bWiley India _c2015(repr.) |
||
| 270 |
_a4435-36/7,Ansari Road, Darya Ganj, _bNew Delhi _e110002 |
||
| 300 |
_ali,634p. _c25cm(pbk) |
||
| 500 | _aIncludes index | ||
| 700 | _aBlum,Richard | ||
| 942 |
_2ddc _cEN _h005.432 _mBRE |
||
| 999 |
_c95843 _d95843 |
||